000 00322nam a2200145Ia 4500
003 OSt
008 191201s2002 xx 000 0 und d
082 _a658
_bKUM
100 _aKUMAR, Sharot
245 0 _aMind your Management
260 _aNewDelhi
_bExcel Books
_c2002
300 _a153
650 _aMBA
942 _2ddc
_cBK
999 _c2716
_d2716